| 000 | 00826nam a2200217 i 4500 | ||
|---|---|---|---|
| 001 | 120098 | ||
| 003 | ES-MaACL | ||
| 005 | 20250811084918.0 | ||
| 007 | t| | ||
| 008 | 070214s1982 sp f |||| | spa d | ||
| 100 | 1 |
_aPiñón Varela, Fernando. _992296 |
|
| 245 | 1 | 4 |
_aLas pinturas rupestres de Albarracín (Teruel) / _cpor Fernando Piñón Varela ; fotografías, Pedro A. Saura y autor. |
| 260 |
_aSantander : _bMinisterio de Cultura, Centro de Investigación y Museo de Altamira, _c1982. |
||
| 300 |
_a243 p., 14 lám. ; _c31 cm. |
||
| 490 | 1 | _aMonografías | |
| 700 | 1 |
_aSaura, Pedro A. _9103998 |
|
| 710 | 2 |
_aMuseo y Centro de Investigación de Altamira _95930 |
|
| 830 | 0 | 0 |
_aMonografías (Centro de Estudios Benaventanos "Ledo del Pozo") _9177262 |
| 852 |
_aES-MaACL _jL-5317 |
||
| 999 |
_c120098 _d120098 |
||